On This Day: July 31st II Quiz Stats

 Plays Quiz Updated Jul 31, 2018

Score 0/7 Timer 03:00
0 Plays Today
Question Answer Wrong Answers
The first US ______ is issued, to inventor Samuel Hopkins for a potash process.
1790
Patent
89.6%
Trademark
4.4%
Copyright
5.5%
Cease and desist
0.4%
A pair of Alabama DJs, in what would be the first of many protests, calls for listeners to burn records by this band after reading that one band member had said the band was “more popular than Jesus.”
1966
The Beatles
89.2%
Rolling Stones
6.1%
Velvet Underground
2%
The Who
1.5%
This French aristocrat, who would later play a major role in the French Revolution, is made a major-general of the Continental Army during the American Revolution.
1777
Marquis de Lafayette
70.1%
Maximilien Robespierre
13.5%
Napoleon Bonaparte
15%
Philippe Pétain
1.4%
This financier and consultant is fired as White House Communications Director a mere 10 days after the appointment was announced.
2017
Anthony Scaramucci
66%
Hope Hicks
2%
Reince Priebus
11.5%
Sean Spicer
18.7%
This Texas Ranger, who holds the MLB record for most strikeouts, becomes the 20th pitcher to win 300 games.
1990
Nolan Ryan
65.4%
Randy Johnson
12.6%
Roger Clemens
15.1%
Curt Schilling
5.5%
This man, the last German kaiser (emperor), orders Russia to demobilize under threat of war.
1914
Wilhelm II
56.7%
Frederick III
3.7%
Otto von Bismarck
36.5%
Paul von Hindenburg
2.7%
This Jewish chemist, writer, and Holocaust survivor, known for his memoir ‘Survival in Auschwitz,’ is born in Turin, Italy.
1919
Primo Levi
26.8%
Elie Wiesel
50.7%
Guglielmo Marconi
7.2%
Viktor Frankl
14.5%

You're not logged in!

Compare scores with friends on all Sporcle quizzes.
OR
Log In

Sporcle TV

Today on Sporcle TV


Watch our educational content, quiz creation guides, and fun videos on Sporcle TV.

Show Comments

Extras

Top Quizzes Today


Score Distribution

Your Account Isn't Verified!

In order to create a playlist on Sporcle, you need to verify the email address you used during registration. Go to your Sporcle Settings to finish the process.

Report this User

Report this user for behavior that violates our Community Guidelines.

Details: